| Tag |
First Indicator |
Second Indicator |
Subfields |
| LEADER |
00000ctm a2200000Ia 4500 |
| 001 |
in00000015554 |
| 005 |
20220104090802.0 |
| 008 |
880517s1986 xx a bm 000 0 eng d |
| 035 |
|
|
|9 AAA8224AM
|
| 035 |
|
|
|a (OCoLC)17964015
|
| 035 |
|
|
|a (OCoLC)ocm17964015
|
| 040 |
|
|
|a TXA
|b eng
|c TXA
|d OCLCQ
|d OCLCF
|d OCLCO
|d OCLCQ
|d UMI
|d TXA
|
| 049 |
|
|
|a TXAM
|
| 099 |
|
|
|a 1986
|a Dissertation
|a W975
|
| 100 |
1 |
|
|a Wyatt, Dana Lynn.
|
| 245 |
1 |
3 |
|a An experiment in the design of a microprocessor-based distributed discrete simulation language.
|
| 264 |
|
1 |
|c 1986.
|
| 300 |
|
|
|a xiii, 161 leaves :
|b illustrations ;
|c 29 cm
|
| 336 |
|
|
|a text
|b txt
|2 rdacontent
|
| 337 |
|
|
|a unmediated
|b n
|2 rdamedia
|
| 338 |
|
|
|a volume
|b nc
|2 rdacarrier
|
| 500 |
|
|
|a Typescript (photocopy).
|
| 500 |
|
|
|a Vita.
|
| 502 |
|
|
|b Ph. D. in Computer Science
|c Texas A & M University
|d 1986
|
| 504 |
|
|
|a Includes bibliographical references (leaves 112-118).
|
| 520 |
3 |
|
|a The research reported in this dissertation involved the design and development of a multitasked emulation of a microprocessor-based distributed discrete simulation system based upon the support function approach. A prototype system was developed using a version of SIMPAS. The SIMPAS preprocessor was modified to provide automatic decomposition of a sequential simulation program into a distributed one for execution on a TI 990/12. This system achieves the decomposition of SIMPAS simulation programs with relatively little effort from the programmer and is a useful and practical approach to developing and partitioning DDS/SF applications. The support function approach to distributed discrete simulation (DDS/SF) is characterized by the partitioning of simulation support activities to the nodes of a distributed system. In the prototype system, simulation support activities consisting of queue management, statistics collection, and random number generation and the model-specific event routines were grouped as separate processes during implementation. To allow observation of the prototype system without complications resulting from the distributed hardware, the prototype was implemented in a multitasked environment using the same functional decomposition as would have been required on the target microprocessor network. To determine the impact of the chosen partitioning upon the prototype DDS/SF system, sample simulation applications were executed and the communication generated was observed and recorded. These communication measurements were then analyzed to determine the characteristics of communication traffic. The analysis revealed that patterns exist in the communications generated by a distributed simulation program based upon the type of model executed, its length, and its traffic intensity. Communications were also examined to determine the impact of their urgency upon the performance of the system. Results show that an average of almost 70% of the simulation support activities of the tested applications implemented were requests for anticipatory or non-interactive activities. Through the lessons learned from this implementation and examination of the completed prototype system, the requirements of a preprocessor-based DDS/SF system were examined to determine if changes in the design or implementation strategies might be beneficial. These design alternatives include changes in partitioning, in the communication protocols, and in the implementation language.
|
| 650 |
|
0 |
|a Computer architecture.
|
| 650 |
|
0 |
|a Electronic data processing
|x Distributed processing.
|
| 650 |
|
0 |
|a Programming languages (Electronic computers)
|
| 650 |
|
4 |
|a Major computer science.
|
| 655 |
|
7 |
|a Academic theses
|2 lcgft
|
| 700 |
1 |
|
|a Friesen, Donald K.,
|e degree committee member.
|
| 700 |
1 |
|
|a Lively, William M.,
|e degree committee member.
|
| 700 |
1 |
|
|a Sheppard, Sallie V.,
|e degree supervisor.
|
| 700 |
1 |
|
|a Young, Robert E.,
|e degree committee member.
|
| 710 |
2 |
|
|a Texas A & M University,
|e degree granting institution.
|
| 856 |
4 |
1 |
|u http://proxy.library.tamu.edu/login?url=http://proquest.umi.com/pqdweb?did=749099501&sid=1&Fmt=2&clientId=2945&RQT=309&VName=PQD
|z Link to ProQuest copy
|t 0
|
| 856 |
4 |
1 |
|u https://hdl.handle.net/1969.1/DISSERTATIONS-21933
|z Link to OAKTrust copy
|t 0
|
| 994 |
|
|
|a C0
|b TXA
|
| 999 |
f |
f |
|s a485231d-f492-3437-b991-acc3f8a4d997
|i 09d4b212-9266-3704-84ab-70b9e0b9f340
|t 0
|
| 952 |
f |
f |
|p noncirc
|a Texas A&M University
|b J.J. Pickle Campus
|c High Density Repository
|s HDR
|d Remote Storage
|t 0
|e 1986 Dissertation W975
|h Other scheme
|i unmediated -- volume
|m A14839618316
|
| 952 |
f |
f |
|a Texas A&M University
|b College Station
|c Electronic Resources
|s www_evans
|d Available Online
|t 0
|e 1986 Dissertation W975
|h Other scheme
|
| 998 |
f |
f |
|a 1986 Dissertation W975
|t 0
|l Remote Storage
|
| 998 |
f |
f |
|a 1986 Dissertation W975
|t 0
|l Available Online
|